Toán rời rạc
Salvato in:
| Autore principale: | |
|---|---|
| Altri autori: | |
| Natura: | Libro |
| Lingua: | Undetermined |
| Pubblicazione: |
H.
ĐHSP
[KXĐ]
|
| Soggetti: | |
| Accesso online: | http://lrc.tdmu.edu.vn/opac/search/detail.asp?aID=2&ID=5748 |
| Tags: |
Aggiungi Tag
Nessun Tag, puoi essere il primo ad aggiungerne! !
|
| Thư viện lưu trữ: | Trung tâm Học liệu Trường Đại học Thủ Dầu Một |
|---|
| LEADER | 00606nam a2200205Ia 4500 | ||
|---|---|---|---|
| 001 | TDMU_5748 | ||
| 008 | 210410s9999 xx 000 0 und d | ||
| 082 | |a 004.01 | ||
| 090 | |b PH104 | ||
| 100 | |a Phạm, Thế Long | ||
| 245 | 0 | |a Toán rời rạc | |
| 245 | 0 | |c Phạm Thế Long | |
| 260 | |a H. | ||
| 260 | |b ĐHSP | ||
| 260 | |c [KXĐ] | ||
| 300 | |a 276tr. | ||
| 650 | |a Toán rời rạc; Toán tin | ||
| 700 | |a Nguyễn, Thiện Luận | ||
| 856 | |u http://lrc.tdmu.edu.vn/opac/search/detail.asp?aID=2&ID=5748 | ||
| 980 | |a Trung tâm Học liệu Trường Đại học Thủ Dầu Một | ||